Derecho Ambiental : información. Investigación /

Guardado en:
Autor Principal: Jaquenod de Zsögön, Silvia.
Formato: Libro
Idioma:Spanish
Publicado: Buenos Aires : Dykinson, 1997.
Edición:1a. ed.
Materias:
Etiquetas: Agregar Etiqueta
Sin Etiquetas, Sea el primero en etiquetar este registro!
LEADER 00501nam a22001575a 4500
001 DER.der014598
008 200302s1997####ag############000#0#spa#d
005 20251211141551.0
245 1 0 |a Derecho Ambiental :  |b información. Investigación /  |c Silvia Jaquenod de Zsögön. 
250 |a 1a. ed. 
260 |a Buenos Aires :  |b Dykinson,  |c 1997. 
300 |a 270 p. 
020 |a 8481552283 
100 1 |a Jaquenod de Zsögön, Silvia. 
650 7 |a DERECHO AMBIENTAL  |2 SAIJ 
859 |a DERECHO  |b BIB. DERECHO  |h 346.046  |i JAQ  |p 009896